Vẽ và thiết kế mạch in với Orcad 9.0
Salvato in:
| Autore principale: | |
|---|---|
| Natura: | Libro |
| Lingua: | Undetermined |
| Pubblicazione: |
Đà Nẵng
2002,Đà Nẵng
|
| Soggetti: | |
| Tags: |
Aggiungi Tag
Nessun Tag, puoi essere il primo ad aggiungerne! !
|
| Thư viện lưu trữ: | Trung tâm Học liệu Trường Đại học Cần Thơ |
|---|
| LEADER | 00602nam a2200181Ia 4500 | ||
|---|---|---|---|
| 001 | CTU_52212 | ||
| 008 | 210402s9999 xx 000 0 und d | ||
| 020 | |b 47000 | ||
| 082 | |a 621.3'0285 | ||
| 082 | |b H523 | ||
| 100 | |a Phạm Quang Huy | ||
| 245 | 0 | |a Vẽ và thiết kế mạch in với Orcad 9.0 | |
| 245 | 0 | |c Phạm Quang Huy và Nguyễn Đức Hiệp | |
| 260 | |b Đà Nẵng | ||
| 260 | |c 2002,Đà Nẵng | ||
| 650 | |a electronic circuit design,orcad ( computer program language ) | ||
| 650 | |x data processing | ||
| 980 | |a Trung tâm Học liệu Trường Đại học Cần Thơ | ||